000 00312 a2200133 4500
001 60192
040 _cAnchieta - Pituba
240 1 0 _aDas beste von Brüssel
_lpor
245 1 0 _aDas beste von Brüssel
300 _a96
362 0 _a2006
650 4 _aTratamento histórico e geográfico de pessoas
942 _cBK
999 _c60192
_d60192